LEADER 01036naa a2200217 u 4500 001 000000102714 003 CaOOAMICUS 005 20070226130213.0 008 060630s1966 it u000 u spa u 035 $a11094519 040 $aIAR$bita 100 1 $aTelleria, Raimundo,$cC.SS.R.,$d1903-1966.$0(OLS)http://pul/name/63697 245 10$aS. Pablo de la Cruz y la familia Ligorio-Cavalieri en el quinquenio 1721-1726 /$cRaimundo Tellería. 260 $aRoma :$bCollegium S.Alphonsi de Urbe,$c1966. 300 $aS. 374-401 ;$c25 cm 500 $aIAR: FF-197 600 04$aPaulus a Cruce,$cs.,$d1694-1775.$0(OLS)http://pul/subject/32940 730 0 $aSpicilegium historicum Congregationis SSmi Redemptoris$g[Spogli].$0(OLS)http://pul/title/8855 773 0 $tSpicilegium historicum Congregationis SSmi Redemptoris$ga.14 (1966)$w()6012 996 $6245$aS. Pablo de la Cruz y la familia Ligorio-Cavalieri en el quinquenio 1721-1726$9(OLS)http://pul/title/129622 996 $6260$aRoma :$bCollegium S.Alphonsi de Urbe$9(OLS)http://pul/publisher/79185 LEADER 01395nam a2200325 u 4500 001 000000060816 003 CaOOAMICUS 005 20070226120944.0 008 010802s1949 it u000 u ita u 035 $a10899397 040 $aPUL(R)$bita 041 1 $aita$hfre 100 1 $aLubac, Henri de,$cS.I.,$d1896-1991.$0(OLS)http://pul/name/6263 240 10$aDrame de l'humanisme athée.$lItaliano.$0(OLS)http://pul/title/55383 245 13$aIl dramma dell'umanesimo ateo /$cHenri de Lubac ; traduzione di Ludovico Ferino. 260 $aBrescia :$bMorcelliana,$c1949. 300 $a406 p. ;$c23 cm 504 $aBibliografia in nota. 650 4$aAteismo (filosofia).$0(OLS)http://pul/subject/4943 650 4$aCristianesimo e ateismo.$0(OLS)http://pul/subject/407 650 4$aFilosofia e religione.$0(OLS)http://pul/subject/2646 850 $aPUL 852 $aPUL$W1$xSL Religione 1$y3$m55 M 8$j79327$nBK-PRI$b $qStampati$B79327$CPULBib$Z2$F79327 $H $81 852 $aPUL$W1$xDP1 Fondo Pastorale$y55$mP12 A 34$j79328$nBK-PRI$b $qFondi$B79328$CPULBib$Z2$F79328 $H $81 900 $aDe Lubac, Henri$96263 941 1 $a8 941 1 $a1 961 $aINV: 40086 996 $6245$aIl dramma dell'umanesimo ateo$9(OLS)http://pul/title/55384 996 $6260$aBrescia :$bMorcelliana$9(OLS)http://pul/publisher/47854